[Event "Ladder Tournament #50 Large"]
[Site "SchemingMind.com"]
[Date "2007.12.07"]
[Round "-"]
[White "maro"]
[Black "JasonY1982"]
[Result "0-1"]
[WhiteCountry "MEX"]
[BlackCountry "USA"]
[WhiteElo "1173"]
[WhiteRD "141"]
[BlackElo "1955"]
[BlackRD "64"]
[GameID "132363"]

1. d4 Nf6 2. Nc3 d5 3. e3 Bf5 4. f3 e6 5. Nh3 Bxh3 6. gxh3 Bb4 7. a3 Ba5 8. b4 Bb6 9. h4 Nc6 10. b5 Ne7
11. a4 Ba5 12. Qd3 c6 13. Ba3 Qc7 14. f4 cxb5 15. axb5 Qxc3+ 16. Qxc3 Bxc3+ 17. Kd1 Bxa1 18. Kc1 Nf5 19. Kb1 Bc3 20. b6 Nxe3
21. Bb5+ Kd8 22. Bc5 axb6
0-1

[Event "Ladder Tournament #50 Large"]
[Site "SchemingMind.com"]
[Date "2007.12.07"]
[Round "-"]
[White "JasonY1982"]
[Black "maro"]
[Result "1-0"]
[WhiteCountry "USA"]
[BlackCountry "MEX"]
[WhiteElo "1955"]
[WhiteRD "64"]
[BlackElo "1173"]
[BlackRD "141"]
[GameID "132370"]

1. e4 e5 2. Nf3 Nc6 3. Bb5 a6 4. Ba4 b5 5. Bb3 Nf6 6. O-O Bc5 7. Nxe5 Nxe5 8. d4 Bd6 9. dxe5 Bxe5 10. f4 Bd6
11. e5 Bc5+ 12. Kh1 Ne4 13. Qd5 Bb7 14. Qxf7#
1-0

[Event "Ladder Tournament #50 Large"]
[Site "SchemingMind.com"]
[Date "2007.12.13"]
[Round "-"]
[White "Lee Shuck"]
[Black "Erhaem"]
[Result "0-1"]
[WhiteCountry "ENG"]
[BlackCountry "NED"]
[WhiteElo "1431"]
[WhiteRD "66"]
[BlackElo "2084"]
[BlackRD "77"]
[GameID "132489"]

1. e4 Nf6 2. Nc3 Nc6 3. d4 e6 4. Nf3 d5 5. e5 Ne4 6. Bd3 Bb4 7. O-O Nxc3 8. bxc3 Bxc3 9. Rb1 Nxd4 10. Nxd4 Bxd4
11. Bb5+ c6 12. Qxd4 cxb5 13. Rxb5 O-O 14. c4 b6 15. Ba3 Re8 16. cxd5 Ba6 17. Rfb1 Bxb5 18. Rxb5 exd5 19. Rxd5 Qc7 20. f4 Qc2
21. Qd2 Qb1+ 22. Kf2 Rac8 23. Kg3 Qg6+ 24. Kf3 Rc2 25. Qxc2 Qxc2 26. Be7 Qc6 27. Ke4 Qc4+
0-1

[Event "Ladder Tournament #50 Large"]
[Site "SchemingMind.com"]
[Date "2007.12.13"]
[Round "-"]
[White "coolpace"]
[Black "mmccaffe"]
[Result "0-1"]
[WhiteCountry "NGR"]
[BlackCountry "USA"]
[WhiteElo "1281"]
[WhiteRD "213"]
[BlackElo "1560"]
[BlackRD "54"]
[GameID "132490"]

1. e3 Nf6 2. d3 g6 3. b3 Bg7 4. Bb2 O-O 5. g3 d6 6. Bg2 e5 7. Nf3 Nc6 8. Nc3 Bg4 9. e4 Qd7 10. Qd2 Bh3
11. Rg1 Bxg2 12. Rxg2 Nh5
0-1

[Event "Ladder Tournament #50 Large"]
[Site "SchemingMind.com"]
[Date "2007.12.13"]
[Round "-"]
[White "Erhaem"]
[Black "Lee Shuck"]
[Result "1-0"]
[WhiteCountry "NED"]
[BlackCountry "ENG"]
[WhiteElo "2084"]
[WhiteRD "77"]
[BlackElo "1431"]
[BlackRD "66"]
[GameID "132500"]

1. d4 Nf6 2. Nf3 d5 3. Bg5 e6 4. e3 Be7 5. Bd3 O-O 6. O-O Nc6 7. Nc3 Qd6 8. Ne5 Nxe5 9. Nb5 Qc6 10. dxe5 h6
11. exf6 Bxf6 12. Bxf6 gxf6 13. Qg4+ Kh8 14. Qf4 e5 15. Qxh6+ Kg8 16. Qh7#
1-0

[Event "Ladder Tournament #50 Large"]
[Site "SchemingMind.com"]
[Date "2007.12.14"]
[Round "-"]
[White "Chess_Man01"]
[Black "griffimv"]
[Result "1/2-1/2"]
[WhiteCountry "GBR"]
[BlackCountry "INT"]
[WhiteElo "2283"]
[WhiteRD "55"]
[BlackElo "2355"]
[BlackRD "79"]
[GameID "132632"]

1. e4 c5 2. Nf3 d6 3. d4 cxd4 4. Nxd4 Nf6 5. Nc3 a6 6. Be3 e5 7. Nb3 Be6 8. Be2 Be7 9. Nd5 Nbd7 10. Qd3 O-O
11. O-O Bxd5 12. exd5 Nc5 13. Nxc5 dxc5 14. c4 e4 15. Qb3 Qc7 16. f4 Ne8 17. Bf2 f5 18. Rad1 Rc8 19. Qe3 Nd6 20. b3= Bf6
21. Qd2 b5 22. Be3= Qb6 23. Kh1 bxc4 24. Bxc4 Rfd8 25. Qf2 Nxc4 26. bxc4 Qb4 27. Rc1= Rd6 28. Rfd1 Be7 29. g4 fxg4 30. Rg1 h5
31. Qc2 Rf6 32. h3 Bd6 33. hxg4 Qa3 34. Rce1 Qd3 35. Qxd3= exd3 36. Rd1 Bxf4 37. Rxd3 Bxe3 38. Rxe3 h4=
1/2-1/2

[Event "Ladder Tournament #50 Large"]
[Site "SchemingMind.com"]
[Date "2007.12.09"]
[Round "-"]
[White "flodur"]
[Black "jtrochez1"]
[Result "1-0"]
[WhiteCountry "AUS"]
[BlackCountry "HON"]
[WhiteElo "1919"]
[WhiteRD "117"]
[BlackElo "1556"]
[BlackRD "53"]
[GameID "132633"]

1. e4 e5 2. Nf3 Nc6 3. Bb5 d6 4. c3 Bd7 5. O-O h6 6. Re1 Nge7 7. d4 Ng6 8. Nbd2 Be7 9. Nf1 O-O 10. Ng3 Nb8
11. Bf1 c6 12. Be3 Qc7 13. h3 Be6 14. Qd2 Kh7 15. Bd3 f6 16. d5 cxd5 17. exd5 Bf7 18. Qc2 Kg8 19. Bxg6 Bxd5 20. Be4 Bxe4
21. Qxe4 Nc6 22. Nf5 Rf7 23. h4 Bf8 24. h5 Ne7 25. N3h4 Qc6 26. Qxc6 bxc6 27. Nxd6 Nf5 28. Nhxf5 Rc7 29. Bc5 Bxd6 30. Nxd6 a5
31. a4 Rd7 32. g4 Kh7 33. Rad1 Rb8 34. Rd2 Kg8 35. Red1 Kh7 36. Nf5 Rxd2 37. Rxd2 g6 38. Rd7+ Kh8 39. hxg6
1-0

[Event "Ladder Tournament #50 Large"]
[Site "SchemingMind.com"]
[Date "2007.12.14"]
[Round "-"]
[White "griffimv"]
[Black "Chess_Man01"]
[Result "1-0"]
[WhiteCountry "INT"]
[BlackCountry "GBR"]
[WhiteElo "2355"]
[WhiteRD "79"]
[BlackElo "2283"]
[BlackRD "55"]
[GameID "132644"]

1. e4 e6 2. d4 d5 3. Nc3 Bb4 4. e5 c5 5. a3 cxd4 6. axb4 dxc3 7. Nf3 Qc7 8. bxc3 Ne7 9. Qd4 Nf5 10. Qc5 Qxc5
11. bxc5 Nc6 12. Bd3 O-O= 13. O-O Nfe7 14. Bf4 Ng6 15. Bg3 Rd8 16. Rfb1 f6 17. exf6 gxf6 18. Nd4 Nge5= 19. Bb5 a6 20. f4 Nc4
21. Nxc6 bxc6 22. Bxc6 Ra7 23. Bf2 Rc7 24. Ba8 a5= 25. Rb8 Kg7 26. c6 Rg8 27. Bc5 Kf7 28. Kf2 e5 29. Bb6 Nxb6 30. Rxb6 Ra7=
31. Rb8 Ba6 32. Rxg8 Kxg8 33. Rxa5 Rxa8= 34. c4 d4 35. c7 Rc8 36. Rxa6 Rxc7 37. Rxf6 exf4= 38. Ke2 Kg7 39. Rxf4 Rxc4 40. Kd3 Rc3+
41. Kd2 Rc4 42. g4 Kg6 43. h4 Kg7 44. Rf5 h6 45. h5 Rc3 46. Rd5 Rc4 47. Rd6
1-0

[Event "Ladder Tournament #50 Large"]
[Site "SchemingMind.com"]
[Date "2007.12.14"]
[Round "-"]
[White "jtrochez1"]
[Black "flodur"]
[Result "0-1"]
[WhiteCountry "HON"]
[BlackCountry "AUS"]
[WhiteElo "1511"]
[WhiteRD "50"]
[BlackElo "1937"]
[BlackRD "128"]
[GameID "132645"]

1. e4 c5 2. Nf3 Nc6 3. d4 cxd4 4. Nxd4 Nf6 5. Nc3 e5 6. Nb3 Bb4 7. Bd2 Bxc3 8. Bxc3 Nxe4 9. Bd2 d5 10. c3 Be6
11. Bd3 Nxd2 12. Qxd2 Qb6 13. O-O O-O 14. Qc2 e4 15. Be2 Rac8 16. Qd1 Rfd8 17. Rc1 d4 18. Bg4 f5 19. Bh3 dxc3 20. Qe2 Bxb3
21. axb3 Nd4 22. Qh5 g6 23. Qg5 Ne2+ 24. Kh1 Nxc1 25. bxc3 Ne2 26. Bxf5 Qxf2 27. Be6+ Kg7 28. Ra1 Rf8 29. h3 Rxc3 30. Rxa7 Qg1#
0-1

[Event "Ladder Tournament #50 Large"]
[Site "SchemingMind.com"]
[Date "2007.12.11"]
[Round "-"]
[White "GrischukFan"]
[Black "sidra"]
[Result "1-0"]
[WhiteCountry "GER"]
[BlackCountry "HUN"]
[WhiteElo "2334"]
[WhiteRD "84"]
[BlackElo "1655"]
[BlackRD "89"]
[GameID "132713"]

1. e4 e5 2. Nf3 d6 3. d4 exd4 4. Nxd4 a6 5. c4 c5 6. Nc2 Nc6 7. Nc3 Nf6 8. Be2 Be7 9. O-O h6 10. Bf4 O-O
11. Qd2 Nh7 12. Rad1 Ne5 13. Ne3 Be6 14. Ned5 Bg5 15. Bxg5 hxg5 16. Ne3 f6 17. Qxd6 Qxd6 18. Rxd6 Bf7 19. Rfd1 Rfe8 20. Na4 Rac8
21. Rb6 Re7 22. Nd5 Bxd5 23. cxd5 Nd7 24. Rxb7 Nhf8 25. f3 Kf7 26. Bxa6 Ra8 27. d6 Re5 28. Bb5 Ke8 29. Rxd7 Nxd7 30. Bxd7+ Kd8
31. b3 Rb8 32. Bc6 Rc8 33. Bd5 f5 34. Nb6 Rb8 35. Nc4 Re8 36. e5 Kc8 37. e6 Rf8 38. Ne5 Rh8 39. e7 f4 40. Be4 Rb5
41. d7+ Kc7 42. d8=Q+ Rxd8 43. exd8=Q#
1-0

[Event "Ladder Tournament #50 Large"]
[Site "SchemingMind.com"]
[Date "2007.12.15"]
[Round "-"]
[White "inpassant"]
[Black "loco61"]
[Result "0-1"]
[WhiteCountry "ESP"]
[BlackCountry "ENG"]
[WhiteElo "1510"]
[WhiteRD "109"]
[BlackElo "1601"]
[BlackRD "66"]
[GameID "132714"]

1. e4 e5 2. Nf3 Nc6 3. Bb5 d6 4. d4 a6 5. Bxc6+ bxc6 6. dxe5 d5 7. O-O dxe4 8. Qxd8+ Kxd8 9. Ng5 Nh6 10. Rd1+ Ke8
11. Nxe4 Bf5 12. Nbc3 Ng4 13. Bf4 Bxe4 14. Nxe4 h5
0-1

[Event "Ladder Tournament #50 Large"]
[Site "SchemingMind.com"]
[Date "2007.12.12"]
[Round "-"]
[White "krueger"]
[Black "roscoe"]
[Result "1-0"]
[WhiteCountry "USA"]
[BlackCountry "USA"]
[WhiteElo "2051"]
[WhiteRD "101"]
[BlackElo "1488"]
[BlackRD "95"]
[GameID "132715"]

1. e4 e5 2. Nf3 Nf6 3. Nxe5 Qe7 4. Nf3 Nxe4 5. Be2 h6 6. O-O d5 7. Re1 Nc6 8. Bb5 a6 9. Bxc6+ bxc6 10. d3 Qd6
11. dxe4 Be7 12. exd5 O-O 13. dxc6 Qxc6 14. Rxe7 Bg4 15. Nbd2 Qd6 16. Re3 f6 17. Qf1 c5 18. Qc4+ Kh8 19. Qxg4
1-0

[Event "Ladder Tournament #50 Large"]
[Site "SchemingMind.com"]
[Date "2007.12.11"]
[Round "-"]
[White "eckhart"]
[Black "thefriediceman"]
[Result "0-1"]
[WhiteCountry "ITA"]
[BlackCountry "USA"]
[WhiteElo "1391"]
[WhiteRD "110"]
[BlackElo "1753"]
[BlackRD "179"]
[GameID "132716"]

1. d4 Nf6 2. c4 d6 3. Nf3 e6 4. Nc3 Nc6 5. Bg5 h6 6. Bh4 g5 7. Bg3 Nh5 8. e3 Nxg3 9. hxg3 Bg7 10. Bd3 a6
11. d5 exd5 12. cxd5 Ne7 13. O-O Bxc3 14. bxc3 Nxd5 15. Qa4+ c6 16. c4 Nc7 17. Qd1 h5 18. Qd2 h4 19. gxh4 g4 20. Nh2 Qxh4
0-1

[Event "Ladder Tournament #50 Large"]
[Site "SchemingMind.com"]
[Date "2007.12.10"]
[Round "-"]
[White "sidra"]
[Black "GrischukFan"]
[Result "0-1"]
[WhiteCountry "HUN"]
[BlackCountry "GER"]
[WhiteElo "1655"]
[WhiteRD "89"]
[BlackElo "2334"]
[BlackRD "84"]
[GameID "132727"]

1. d4 Nf6 2. c4 e6 3. a3 b6 4. e3 Bb7 5. f3 c5 6. Nc3 cxd4 7. exd4 d5 8. cxd5 Nxd5 9. Bb5+ Bc6 10. Bxc6+ Nxc6
11. Nge2 Be7 12. O-O O-O 13. Nxd5 Qxd5 14. b4 Rfd8 15. Bb2 a5 16. bxa5 Nxa5 17. Rb1 Nc4 18. Qd3 e5 19. Rfd1 Nxb2 20. Rxb2 Rxa3
21. Qb5 Qxb5 22. Rxb5 exd4 23. Kf1 Bc5 24. Ng3 d3 25. Ne4 Be3 26. Rb2 f5 27. Nd2 Rc3 28. Ke1 Rc2 29. Rb3 Re8 30. Rxd3 Bxd2+
31. Kf1 Bg5 32. f4 Bxf4 33. Rf3 g5 34. h3 Ree2 35. Rd8+ Kf7 36. Rd7+ Ke6 37. Rxh7 Red2 38. Rh6+ Ke5 39. Rxb6 Rc1#
0-1

[Event "Ladder Tournament #50 Large"]
[Site "SchemingMind.com"]
[Date "2007.12.15"]
[Round "-"]
[White "loco61"]
[Black "inpassant"]
[Result "1-0"]
[WhiteCountry "ENG"]
[BlackCountry "ESP"]
[WhiteElo "1601"]
[WhiteRD "66"]
[BlackElo "1510"]
[BlackRD "109"]
[GameID "132728"]

1. e4 e5 2. Nf3 Nf6 3. Bc4 Nxe4 4. Nxe5 d5 5. Qf3 Be6 6. Bb3 Qg5 7. Nd3 Nc6 8. c3 O-O-O 9. Nf4 Ne5 10. Qe3 Qxf4
11. Qxf4 Nd3+ 12. Kf1 Nxf4 13. d4 Nd3 14. Ke2 Nxc1+ 15. Rxc1
1-0

[Event "Ladder Tournament #50 Large"]
[Site "SchemingMind.com"]
[Date "2007.12.12"]
[Round "-"]
[White "roscoe"]
[Black "krueger"]
[Result "0-1"]
[WhiteCountry "USA"]
[BlackCountry "USA"]
[WhiteElo "1481"]
[WhiteRD "99"]
[BlackElo "2055"]
[BlackRD "105"]
[GameID "132729"]

1. Nf3 Nf6 2. g3 d5 3. d4 Bf5 4. Nbd2 e6 5. Bg2 h6 6. O-O Be7 7. Re1 O-O 8. c4 c6 9. Ne5 Nbd7 10. Nxd7 Nxd7
11. cxd5 exd5 12. e4 dxe4 13. Nxe4 Qa5 14. Bd2 Qb6 15. Bc3 Rad8 16. d5 Bxe4 17. Bxe4 Nf6 18. Bd4 c5 19. Bc3 Nxe4 20. Rxe4 Bf6
21. Bxf6 Qxf6 22. Rb1 Rd6 23. b4 cxb4 24. Rbxb4 b6 25. a4 Rfd8 26. Qd4 Qxd4 27. Rexd4 Rxd5 28. Rxd5 Rxd5 29. Rc4 Ra5 30. h4 Rc5
31. Rd4 Kf8 32. Rd8+ Ke7 33. Ra8 Ra5 34. Rg8 g6 35. Rc8 Rxa4
0-1

[Event "Ladder Tournament #50 Large"]
[Site "SchemingMind.com"]
[Date "2007.12.12"]
[Round "-"]
[White "thefriediceman"]
[Black "eckhart"]
[Result "1/2-1/2"]
[WhiteCountry "USA"]
[BlackCountry "ITA"]
[WhiteElo "1753"]
[WhiteRD "179"]
[BlackElo "1391"]
[BlackRD "110"]
[GameID "132730"]

1. e4 e5 2. Nf3 Nc6 3. Bc4 Bc5 4. c3 Nf6 5. d3 O-O 6. O-O d6 7. b4 Bb6 8. a4 Ng4 9. h3 Nxf2 10. Rxf2 Bxf2+
11. Kxf2 Be6 12. Na3 Bxc4 13. Nxc4 f5 14. Qb3 fxe4 15. Nxd6+ Kh8 16. Nf7+ Rxf7 17. Qxf7 exf3 18. Qxf3 Nxb4 19. Ke2 Nd5 20. c4 Nf6
21. Qxb7 c5 22. Bg5 Rb8 23. Qf3 Rb2+ 24. Ke1 Qb8 25. Bxf6 Rb1+ 26. Rxb1 Qxb1+ 27. Kf2 Qc2+=
1/2-1/2

[Event "Ladder Tournament #50 Large"]
[Site "SchemingMind.com"]
[Date "2007.12.17"]
[Round "-"]
[White "rodk"]
[Black "montinskij"]
[Result "0-1"]
[WhiteCountry "USA"]
[BlackCountry "USA"]
[WhiteElo "1614"]
[WhiteRD "87"]
[BlackElo "1809"]
[BlackRD "133"]
[GameID "133015"]

1. e4 c6 2. d4 d5 3. Nc3 g6 4. Be3 Bg7 5. e5 c5 6. f4 Nc6 7. Nf3 c4 8. g3 Nh6 9. h3 b5 10. Nxb5 Rb8
11. Nc3 Nf5 12. Kf2 Nxe3 13. Kxe3 Rxb2 14. Rb1 Rxb1 15. Qxb1 Qa5 16. Qb2 O-O 17. Bg2 Bf5 18. Nxd5 Qxd5 19. c3 Rb8 20. Qd2 Qa5
21. g4 Bb1 22. Ng5 Qa6 23. Be4 Bxe4 24. Nxe4 Qa3 25. g5 Rb2
0-1

[Event "Ladder Tournament #50 Large"]
[Site "SchemingMind.com"]
[Date "2007.12.14"]
[Round "-"]
[White "montinskij"]
[Black "rodk"]
[Result "1-0"]
[WhiteCountry "USA"]
[BlackCountry "USA"]
[WhiteElo "1809"]
[WhiteRD "133"]
[BlackElo "1614"]
[BlackRD "87"]
[GameID "133022"]

1. Nf3 c5 2. e4 d6 3. d4 cxd4 4. Nxd4 Nf6 5. Nc3 a6 6. Bg5 e6 7. f4 Be7 8. Qf3 Qc7 9. O-O-O Nbd7 10. g4 h6
11. Bxf6 Nxf6 12. h4 e5 13. Nf5 Bxf5 14. exf5 exf4 15. g5 hxg5 16. hxg5 Rxh1 17. Qxh1 Ng4 18. Qh8+ Bf8 19. Nb5 axb5 20. Bxb5+ Ke7
21. f6+ gxf6 22. Re1+
1-0

[Event "Ladder Tournament #50 Large"]
[Site "SchemingMind.com"]
[Date "2007.12.13"]
[Round "-"]
[White "Araki"]
[Black "Tahur"]
[Result "0-1"]
[WhiteCountry "PER"]
[BlackCountry "ARG"]
[WhiteElo "1668"]
[WhiteRD "83"]
[BlackElo "1964"]
[BlackRD "54"]
[GameID "133208"]

1. Nf3 d5 2. c4 c6 3. b3 Bg4 4. e3 e6 5. Be2 Nd7 6. O-O Bxf3 7. Bxf3 dxc4 8. bxc4 Ne5 9. Bb2 Nxc4 10. Bc3 Nf6
11. a4 Qd3 12. Qe2 Qxe2 13. Bxe2 Nd6 14. Bxf6 gxf6 15. Nc3 Rg8 16. f4 e5 17. fxe5 fxe5 18. d4 Bg7 19. Ne4 Nxe4 20. Bd3 Nd6
21. Bxh7 Rh8 22. Bd3 exd4 23. e4 Be5 24. Ra2 Rxh2 25. Raf2 O-O-O 26. g4 Rh3 27. Rf3 Rh4 28. Kg2 Rxg4+ 29. Kf2 Nxe4+ 30. Bxe4 Rxe4
31. Rxf7 d3 32. Rb1 d2 33. Rbxb7 d1=Q 34. Rxa7 Rd2#
0-1

[Event "Ladder Tournament #50 Large"]
[Site "SchemingMind.com"]
[Date "2007.12.13"]
[Round "-"]
[White "Cruyce"]
[Black "smothered mate"]
[Result "1-0"]
[WhiteCountry "BEL"]
[BlackCountry "POL"]
[WhiteElo "2253"]
[WhiteRD "78"]
[BlackElo "1947"]
[BlackRD "57"]
[GameID "133209"]

1. d4 d5 2. c4 Bf5 3. cxd5 Bxb1 4. Qa4+ c6 5. Rxb1 Qxd5 6. Nf3 Nf6 7. g3 e6 8. Bg2 Qf5 9. Ra1 Bd6 10. O-O O-O
11. Nh4 Qh5 12. Bf3 Ng4 13. h3 f5 14. Qb3 Rf6 15. Qxb7 g5 16. hxg4 fxg4 17. Bxg5 Qxg5 18. Bg2 Rh6 19. Qxa8 Rxh4 20. gxh4 Qxh4
21. Rfd1 g3 22. fxg3 Bxg3 23. e3 Bf2+ 24. Kf1 Qg3 25. Rd3 h5 26. Rb3
1-0

[Event "Ladder Tournament #50 Large"]
[Site "SchemingMind.com"]
[Date "2007.12.16"]
[Round "-"]
[White "Theodoric"]
[Black "sentinel"]
[Result "1-0"]
[WhiteCountry "ENG"]
[BlackCountry "AUS"]
[WhiteElo "1834"]
[WhiteRD "59"]
[BlackElo "1263"]
[BlackRD "110"]
[GameID "133210"]

1. e4 e5 2. Nf3 d6 3. d4 Nf6 4. Nc3 b6 5. dxe5 dxe5 6. Qxd8+ Kxd8 7. Nxe5 Be7 8. Nxf7+ Ke8 9. Nxh8 Bd6 10. Bc4 Kf8
11. Nf7 Bb4 12. O-O Ba6 13. Bxa6 Nxa6 14. Ng5 Rd8 15. Ne6+ Ke8 16. Nxd8 Kxd8 17. Bg5 Bc5 18. Nd5 Bd4 19. c3 Be5 20. f4 Bd6
21. Bxf6+ gxf6 22. Nxf6 Bc5+ 23. Kh1 Ba3 24. bxa3 Nc5 25. Rad1+ Ke7 26. Nd5+ Ke6 27. Nxc7+ Kf6 28. e5+ Kf5 29. e6 Nxe6 30. Nxe6 Kxe6
31. Rfe1+ Kf6 32. g4 h5 33. Rd6+ Kg7 34. Re7+ Kf8 35. Rxa7 hxg4 36. Rd8#
1-0

[Event "Ladder Tournament #50 Large"]
[Site "SchemingMind.com"]
[Date "2007.12.13"]
[Round "-"]
[White "eraymond"]
[Black "Berlin89"]
[Result "1-0"]
[WhiteCountry "CAN"]
[BlackCountry "USA"]
[WhiteElo "2107"]
[WhiteRD "101"]
[BlackElo "1496"]
[BlackRD "200"]
[GameID "133211"]

1. e4 e5 2. Nf3 Nc6 3. Bc4 Be7 4. d4 Nf6 5. dxe5 Nxe4 6. Qd5 O-O 7. Qxe4 d5 8. Bxd5 Nb4 9. Bb3 Kh8 10. O-O Nc6
11. Nc3 f5 12. Qd5 Nb4 13. Qxd8 Rxd8 14. Bg5 Bxg5 15. Nxg5 Rf8 16. Nf7+ Kg8 17. Nd8+ Kh8 18. Rad1
1-0

[Event "Ladder Tournament #50 Large"]
[Site "SchemingMind.com"]
[Date "2007.12.13"]
[Round "-"]
[White "Tahur"]
[Black "Araki"]
[Result "1-0"]
[WhiteCountry "ARG"]
[BlackCountry "PER"]
[WhiteElo "1943"]
[WhiteRD "54"]
[BlackElo "1677"]
[BlackRD "85"]
[GameID "133222"]

1. e4 e5 2. Nf3 Nc6 3. Bb5 a6 4. Ba4 Nf6 5. O-O Bc5 6. c3 O-O 7. d4 exd4 8. cxd4 Be7 9. e5 Nd5 10. Bb3 Nb6
11. d5 Na5 12. Bc2 d6 13. Qd3 g6 14. Qc3 dxe5 15. Qxa5 Qxd5 16. Qxd5 Nxd5 17. Bb3 Be6 18. Nxe5 c6 19. Re1 Rad8 20. Bh6 Rfe8
21. Nd2 Bf6 22. Ndf3 Bh8 23. Ng5 Nb4 24. Nexf7 Rd5 25. Nxh8 Nd3 26. Bxd5 cxd5 27. Rxe6 Rxe6 28. Nxe6 Kxh8 29. Rd1 Nxb2 30. f3 Nxd1
31. Nc5 Nc3 32. Kf2 Nxa2 33. Nxb7 d4 34. Nc5 a5 35. Bf4 Nc3 36. Be5+ Kg8 37. Bxd4 Nb5 38. Be5 Kf7 39. Ke3 Na7 40. Bc3 Nc6
41. f4 Ke7 42. g4 Kd6 43. Nb7+ Kd5 44. Nxa5 Nxa5 45. Bxa5 Ke6 46. Ke4 Kd6 47. f5 g5 48. Bb4+
1-0

[Event "Ladder Tournament #50 Large"]
[Site "SchemingMind.com"]
[Date "2007.12.13"]
[Round "-"]
[White "smothered mate"]
[Black "Cruyce"]
[Result "0-1"]
[WhiteCountry "POL"]
[BlackCountry "BEL"]
[WhiteElo "1947"]
[WhiteRD "57"]
[BlackElo "2253"]
[BlackRD "78"]
[GameID "133223"]

1. e4 c5 2. c3 Nf6 3. e5 Nd5 4. g3 d6 5. exd6 e6 6. Bg2 Bxd6 7. Nf3 O-O 8. Na3 Nc6 9. Nc4 Bc7 10. a4 b6
11. O-O h6 12. d3 Bb7 13. Qc2 Qf6 14. Ne3 Rad8 15. Rd1 Na5 16. d4 Nxe3 17. fxe3 c4 18. e4 Qg6 19. Nh4 Qh7 20. Re1 Nb3
21. Rb1 a6 22. Bf4 Bxf4 23. gxf4 g5 24. fxg5 hxg5 25. Nf3 f6 26. Re3 Kg7 27. Rbe1 Qg6 28. Qf2 Bc8 29. Qg3 g4 30. Nh4 Qg5
31. e5 f5 32. Nf3 Qh5 33. Qh4 Kh6 34. Qe7 f4 35. Re4 gxf3 36. Rxf4 Rxf4 37. Qxd8 f2+
0-1

[Event "Ladder Tournament #50 Large"]
[Site "SchemingMind.com"]
[Date "2007.12.14"]
[Round "-"]
[White "sentinel"]
[Black "Theodoric"]
[Result "0-1"]
[WhiteCountry "AUS"]
[BlackCountry "ENG"]
[WhiteElo "1263"]
[WhiteRD "110"]
[BlackElo "1834"]
[BlackRD "59"]
[GameID "133224"]

1. c4 e5 2. e4 Nf6 3. d3 Nc6 4. Bg5 Be7 5. Bxf6 Bxf6 6. Qg4 d6 7. Qg3 Nd4 8. Kd2 Bg5+ 9. Kc3 c5 10. b3 O-O
11. Kb2 a5 12. Nf3 Bf4 13. Qh4 Qb6 14. Nxd4 cxd4 15. g3 Bh6 16. Na3 Qb4 17. Rc1 Bxc1+ 18. Kxc1 Qxa3+ 19. Kb1 a4 20. Qg5 axb3
21. Qc1 Qxa2#
0-1

[Event "Ladder Tournament #50 Large"]
[Site "SchemingMind.com"]
[Date "2007.12.13"]
[Round "-"]
[White "Berlin89"]
[Black "eraymond"]
[Result "0-1"]
[WhiteCountry "USA"]
[BlackCountry "CAN"]
[WhiteElo "1599"]
[WhiteRD "255"]
[BlackElo "1928"]
[BlackRD "146"]
[GameID "133225"]

1. e4 e5 2. f4 d5 3. exd5 exf4 4. Nf3 Nf6 5. Bc4 Nxd5 6. O-O Be6 7. b3 Nc6 8. Nc3 Nxc3 9. dxc3 Bxc4 10. bxc4 Qxd1
11. Rxd1 Bd6 12. Nd4 O-O-O 13. Nf5 Bc5+ 14. Nd4 Nxd4 15. cxd4 Bxd4+
0-1

[Event "Ladder Tournament #50 Large"]
[Site "SchemingMind.com"]
[Date "2008.01.29"]
[Round "-"]
[White "palaciorep"]
[Black "spoke"]
[Result "0-1"]
[WhiteCountry "ARG"]
[BlackCountry "GER"]
[WhiteElo "1632"]
[WhiteRD "76"]
[BlackElo "1854"]
[BlackRD "58"]
[GameID "138747"]

1. e4 e5 2. Nf3 Nc6 3. Bb5 Bb4 4. Bxc6 dxc6 5. a3 Bd6 6. h3 Ne7 7. O-O O-O 8. d3 f5 9. Nc3 f4 10. Re1 c5
11. Kf1 Ng6 12. Ke2 Nh4 13. Nxh4 Qxh4 14. f3 Rf6 15. Rg1 Bd7 16. Nd5 Rg6 17. Qf1 b5 18. Bd2 c6 19. Be1 Qg5 20. Nc3 Bxh3
21. Kd1 Be6 22. Ne2 c4 23. g4 cxd3 24. cxd3 Bb3+ 25. Kc1 Bc5 26. Bf2 Qe7 27. Qe1 Bxf2 28. Qxf2 Rd8 29. Kd2 Rgd6 30. Nc1 Bc4
31. Ke1 Bxd3 32. Nxd3 Rxd3 33. Qc2 Qh4+ 34. Qf2 Re3+ 35. Kf1 Qh3+ 36. Rg2 Rxf3 37. Qxf3 Qxf3+ 38. Kg1 Rd1+ 39. Rxd1 Qxd1+ 40. Kh2 f3
41. Rf2 Qe2 42. Kg3 Qxe4 43. Rxf3 Qe1+ 44. Kg2 e4 45. Rc3 Qd2+ 46. Kg3 e3 47. Rxc6 e2 48. Rc8+ Kf7 49. Rc7+ Ke6
0-1

[Event "Ladder Tournament #50 Large"]
[Site "SchemingMind.com"]
[Date "2008.01.29"]
[Round "-"]
[White "spoke"]
[Black "palaciorep"]
[Result "1-0"]
[WhiteCountry "GER"]
[BlackCountry "ARG"]
[WhiteElo "1833"]
[WhiteRD "60"]
[BlackElo "1635"]
[BlackRD "73"]
[GameID "138752"]

1. e4 e5 2. Nf3 Nc6 3. Bc4 h6 4. d4 Qe7 5. dxe5 Nxe5 6. Nxe5 Qxe5 7. O-O d6 8. Nc3 c6 9. Kh1 b5 10. f4 Qe7
11. Bb3 a5 12. a4 b4 13. Na2 c5 14. c4 Nf6 15. e5 dxe5 16. fxe5 Ne4 17. Bc2 Ng5 18. Bxg5 hxg5 19. Be4 Bb7 20. Bd5 Rd8
21. Bxf7+ Qxf7 22. Qxd8+ Kxd8 23. Rxf7 Kc8 24. Raf1 g4 25. Rxf8+ Rxf8 26. Rxf8+ Kc7 27. Rf7+ Kc6 28. e6 Bc8 29. e7 Kd7 30. Rxg7 b3
31. Nc3 Ba6 32. Nd5 Bxc4 33. Nf6+ Ke6 34. e8=Q+ Kxf6 35. Rxg4 Bd3 36. Rf4+ Kg5 37. Qe5+
1-0

[Event "Ladder Tournament #50 Large"]
[Site "SchemingMind.com"]
[Date "2008.02.08"]
[Round "-"]
[White "flodur"]
[Black "Theodoric"]
[Result "1/2-1/2"]
[WhiteCountry "AUS"]
[BlackCountry "ENG"]
[WhiteElo "1988"]
[WhiteRD "98"]
[BlackElo "2011"]
[BlackRD "67"]
[GameID "140207"]

1. e4 e6 2. d4 d5 3. Nc3 Bb4 4. e5 c5 5. a3 Bxc3+ 6. bxc3 Ne7 7. Qg4 Qc7 8. Qxg7 Rg8 9. Qxh7 cxd4 10. Ne2 Nbc6
11. f4 Bd7 12. Qd3 dxc3 13. Rb1 Nf5 14. Rg1 Qd8 15. g3 b6 16. Nxc3 Rh8 17. h3 Na5 18. g4 Ne7 19. Rg3 Nc4 20. Qf3 Qc8
21. a4 Rb8 22. Rb3 Nc6 23. Qf2 N6a5 24. Rb4 Kf8 25. Rd3 Kg7 26. Rb1 Qe8 27. Ra1 Qe7 28. Qg3 Nc6 29. Kd1 Qc5 30. Rf3 Nb4
31. Qf2 Rbc8 32. Qxc5 Rxc5 33. Rb1 a5 34. Rb3 Bc6 35. Bd3 d4 36. Ne4 Nxd3 37. cxd3 Nxe5 38. fxe5 Bxa4 39. Nxc5 bxc5 40. Ba3 Bxb3+
41. Kd2 Bd5 42. Rf2 Rc8 43. Rf4 Rc7 44. h4 c4 45. Rxd4 f6 46. exf6+ Kxf6 47. dxc4 Bxc4 48. Bb2 Kg6 49. Rd8 Bb3 50. Rg8+ Kh6
51. Rh8+ Rh7 52. Rf8 Rd7+ 53. Ke3 Rb7 54. Rf6+ Kh7 55. g5 Bd5 56. Rh6+ Kg8 57. Rh8+ Kf7 58. Rh7+ Kg6 59. Rxb7 Bxb7 60. Kf4 Kh5
61. Ke5 Bd5=
1/2-1/2